000 00325nam a2200133Ia 4500
008 230818s1989 xx 000 0 und d
041 _aeng
100 _aElliot Rosek
245 _aZodiac Cook Book
260 _bpyramid books
_c1989
300 _a144p
520 _aHard Board | Reference Copy
999 _c853646
_d853646
650 _aFood Production